000 00720nam a2200229Ia 4500
003 GCL
008 140319s9999 xx 000 0 ara d
020 _a2025286977
040 _aGCL /
_cGCL
082 0 4 _a791.43
_bم إ
100 1 _aمحمد الغيطى
245 1 0 _aاسرائيل تسرق الفن المصرى /
_cمحمد الغيطى
250 _aالاولى
260 _aالقاهرة :
_bمدبولى الصغير ،
_c1997
300 _a151 ص ؛
_c24 سم
650 0 4 _aالنزاع العربى الاسرائيلى
650 0 4 _aالصهيونية
650 0 4 _aالفن المصرى
650 0 4 _aجرائم ضد الانسانية
650 0 4 _aالسينما - مصر
942 _2ddc
_cBK
999 _c5583
_d5583